| 000 | 00432nam a2200169Ia 4500 | ||
|---|---|---|---|
| 008 | 221030s9999 xx 000 0 und d | ||
| 041 | _aEnglish | ||
| 082 | _a105.23 | ||
| 100 | _aE. W. Golding | ||
| 245 | 0 |
_aElectrical Measurements & Measuring Instruments _cby E. W. Golding, F. C. Widdis |
|
| 250 | _a5th | ||
| 260 |
_bWheelar Pub _aNew Delhi _c1987 |
||
| 300 | _a952 | ||
| 650 | _aEE | ||
| 700 | _aF. C. Widdis | ||
| 942 | _cBK | ||
| 999 |
_c6093 _d6093 |
||